| 000 | 00571nam a22001937a 4500 | ||
|---|---|---|---|
| 003 | OSt | ||
| 005 | 20131115123722.0 | ||
| 008 | 130522s sp ||||| |||| 00| 0 spa d | ||
| 020 | _a8430943943 | ||
| 040 | _cCDMR | ||
| 245 |
_aPeriodismo sin información _cFélix Ortega, coordinador ; Mª Luisa Humanes ... [et al.] |
||
| 260 |
_aMadrid _bTecnos _c2006 |
||
| 300 | _a162 p. | ||
| 650 | 0 | 4 |
_93099 _aSensacionalisme en la premsa |
| 650 | 0 | 4 |
_93219 _aPeriodisme _xObjectivitat |
| 700 | 1 |
_9115 _aOrtega, Félix _ecoord |
|
| 700 | 1 |
_93484 _aHumanes, Mª Luisa |
|
| 942 |
_2udc _cMON |
||
| 999 |
_c6293 _d6293 |
||